000 00947nam a22003017a 4500
001 7255
003 FISKH
005 20250704113928.0
008 250704b cb ||||| |||| 00| 0 eng d
020 _a9780448416458
040 _aFISKH
_beng
_cFISKH
_dFISKH
050 _aQL737.C22 B375
082 _a 599.773
100 _aBatten, Mary
245 _aBaby wolf /
_cBy Mary Batten ; Illustrated by Jo Ellen McAllister Stammen
250 _aThis edition first published in 1998
260 _aNew York :
_bGrosset,
_c1998
300 _a44 pages :
_bcolor illustrations ;
_c23 cm
505 _aJ
520 _aDescribes how a wolf pup grows through its first year with its siblings and other members of its pack.
521 8 _a490
_bLexile
521 8 _aJ
_bRaz-Plus
650 _2Easy reader
_a Animals
650 _2Wolves
_aPup
700 _aStammen, Ellen McAllister Jo
_dillustrator
942 _2ddc
_cBK
_n0
999 _c7255
_d7255